01750nam a2200421 a 4500001001000000003000500010005001700015008004100032010001100073011001100084040000900095090001000104100003700114245014400151260004100295500006000336502010400396590004100500590004100541590004000582590004000622590004000662590004000702590004000742650005500782650004600837650004000883650004000923650004600963650004301009650003301052856007001085901000701155942001001162942000601172999001901178952013101197000115094CHAP20220329144515.0181003s2018 mx a sm |||||||spa d a111555 a112527 cCHAP aTesis1 aSalazar Correa, Araceli.913590910aEvaluación del nivel de sustentabilidad de la agricultura familiar en el estado de Zacatecas /h[En línea]cpor Araceli Salazar Correa. aChapingo, Méx. :bEl autor,c2018. aPara ver el contenido del material haga clic en la liga aTesis (M.C. en Desarrollo Rural Regional) -- AUCH. Dirección de Centros Regionales Universitarios aBATCH-UPDb10c20190603lUCH01h1554 aE11695DGDb10c20190603lUCH01h1553 aE8697GMMb05c20181003lUCH01h1213 aE8697GMMb05c20181003lUCH01h1215 aE8697GMMb05c20181003lUCH01h1421 aE8697GMMb05c20181130lUCH01h1158 aE8697GMMb05c20190516lUCH01h144714aAgricultoresxProgramas de capacitación.913094614aAgricultura sustentablezZacatecas.9202714aAgriculturaxInvestigación.9157714aDesarrollo ruralzMéxico.912461614aDesarrollo sustentablezZacatecas.93210914aRegiones áridasxAgricultura.99567014aSistemas de cultivo.9106746 aFinding aiduhttp://10.13.5.2/tesis/sist115094.pdfzTeclea aquí aBK cTESIS n0 c111555d111555 00104054718TESISaBCbBCd2018-10-03fTESISl0oTesisp115103-10r2019-12-31 00:00:00w2019-12-31yTESISzRecien adquirido